000 00676nam a2200265Ia 4500
005 20260121172700.0
008 008 260114s9999 xx 000 0 eng d
020 _a9789811616143
037 _aEBOOK
040 _aCRL
040 _beng
040 _cCRL
041 _2eng
041 _aeng
084 _qCRL
100 _aAlan Nankervis, Julia Connell, Alan Montague, John Burgess
_91091431
245 4 _aThe Fourth Industrial Revolution
260 _bSpringer
260 _bSpringer
260 _c2021
856 _uhttps://link.springer.com/openurl?genre=book&isbn=978-981-16-1614-3
942 _cEBOOK
999 _c1657171
_d1657171